NBA Playoff Appearances - Statistics

General Stats
  • This quiz has been taken 14 times
  • The average score is 18 of 30
Answer Stats
Hint Answer Appearances % Correct
Mavs Dirk Nowitzki 15
100%
Lakers Kobe Bryant 15
100%
Cavs LeBron James 9
100%
Bulls Michael Jordan 13
100%
Pelicans David West 3
91%
Clippers DeAndre Jordan 6
91%
Heat Dwyane Wade 12
91%
Rockets Hakeem Olajuwon 14
91%
Timmberwolves Kevin Garnett 8
91%
Nuggets Nikola Jokic 7
91%
Spurs Tim Duncan 18
91%
Jazz John Stockton 19
82%
Grizzlies Zach Randolph 7
82%
Trail Blazers Clyde Drexler 11
73%
Magic Dwight Howard 5
73%
Knicks Patrick Ewing 13
73%
Pacers Reggie Miller 15
73%
Celtics John Havlicek 13
64%
Raptors Kyle Lowry 7
55%
Bucks Sidney Moncrief 11
45%
Suns Kevin Johnson 11
36%
Pistons Richard Hamilton 7
36%
Kings Peja Stojakovic 7
27%
Wizards Wes Unseld 12
27%
Warriors Draymond Green 13
18%
Hawks Cliff Hagan 9
9%
76ers Dolph Schayes 14
9%
Nets Richard Jefferson 6
9%
Hornets David Wesley 5
0%
Thunder Nate McMillan 11
0%
No matching quizzes found
Score Distribution
Percent of People with Each Score
Percentile by Number Answered
Your Score History
You have not taken this quiz